dokończ tekst piosenki "Twój stary freestyle" - Statystyki

Ogólne statystyki
  • Ten quiz został rozwiązany 62 razy
  • Średni wynik to 11 z 15
Statystyki odpowiedzi
tekst dokończ % Poprawnych
Stary leży najeb*ny na ... wersalce
98%
... stary jest obsr*ńcem twój
96%
Rozjeżdżam se ku*wy, wszystkie płaskie Jakbym jechał sobie ... walcem
89%
Elo ..., trzy dwa zero elo
88%
Stara trze ser ... tu na tarce sobie
88%
Twoja ... niesie pierogi se w siatce stara
80%
Twój stary kręci się jak ... w pralce bęben
79%
Wje*ałem się ... tańcem tutaj
77%
Ona ... o mnie śni tutaj
77%
Robię zyg zag po ... Ku*wa, klatce
zarzyganej
71%
Twój stary wypi*rdala przez ... okno
70%
Aemdżi, aemdżi, Twoja stara ku*wa kręci du*om jak ... w DVD
napęd
68%
... ujeb*ne palce potem
55%
Cały ... napisałem sobie tu na kartce plan
48%
Ku*wy, fakery ... co się tutaj śmieją tym
46%
Nie znaleziono quizów pasujących do podanych kryteriów
Rozkład punktacji
Procent ludzi z każdym wynikiem
Percentyl według liczby udzielonych odpowiedzi
Twoja historia wyników
Nie rozwiązałeś tego quizu